| 000 | 01534nam a2200349 a 4500 | ||
|---|---|---|---|
| 003 | EG-GiCUC | ||
| 005 | 20250223025915.0 | ||
| 008 | 090805s2009 ua h f m 000 0 fre d | ||
| 040 |
_aEG-GiCUC _bfre _cEG-GiCUC |
||
| 041 | 0 | _afre | |
| 049 | _aDeposite | ||
| 097 | _aPh.D | ||
| 099 | _aCai01.02.13.Ph.D.2009.Ra.T | ||
| 100 | 0 | _aRania Gouda Mohamed | |
| 245 | 1 | 3 |
_aLa tentation de l'architecture dans la litterature romantique / _cRania Gouda Mohamed ; Sous la direction de Randa Sabry , Philippe Hamon |
| 246 | 1 | 5 | _aالولع بالفن المعمارى فى الادب الرومانسى الفرنسى |
| 260 |
_aCairo : _bRania Gouda Mohamed , _c2009 |
||
| 300 |
_a378 P. : _bfacsimiles ; _c25cm |
||
| 502 | _aThesis (Ph.D.) - Cairo University - Faculty of Arts - Department of French | ||
| 520 | _aDans la premiere partie de la these, nous tentons d'analyser la conception et la place de farchitecture chez les romantiques et de lier cet examen a son ecriture descriptive. Quant a la deuxieme partie, elle envisage l'architecture non seulement en tant qu'espace dramatique mais egalement en tant que topos qui donne a lire les mouvement de l'Histoire | ||
| 530 | _aIssued also as CD | ||
| 653 | 4 | _aArchitecture | |
| 653 | 4 | _aEspace | |
| 653 | 4 | _aLitterature romantique | |
| 700 | 0 |
_aPhilippe Hamon , _eSupervisor |
|
| 700 | 0 |
_aRanda Sabry , _eSupervisor |
|
| 856 | _uhttp://172.23.153.220/th.pdf | ||
| 902 | _a1 | ||
| 905 |
_aMustafa _eRevisor |
||
| 905 |
_aSamia _eCataloger |
||
| 942 |
_2ddc _cTH |
||
| 999 |
_c23289 _d23289 |
||